Most Famous People by First Name #1 - Statistics

General Stats
  • This quiz has been taken 1,344 times
  • The average score is 10 of 60
Answer Stats
Answer % Correct
F. Kennedy
78%
the Great
66%
the Great
64%
Jackson
56%
Washington
50%
McCartney
41%
Jefferson
36%
Shakespeare
35%
Ford
31%
Nixon
31%
Adams
29%
Edison
29%
Stalin
29%
VIII
28%
H. W. Bush
27%
W. Bush
27%
Henry Harrison
25%
XIV
25%
Day-Lewis
24%
De Niro
24%
Darwin
21%
Armstrong
19%
Dickens
18%
Radcliffe
17%
Carlos I
16%
Graham Bell
16%
Pasteur
15%
Defoe
13%
de Gaulle
12%
the Apostle
12%
the Apostle
12%
Bowie
10%
Cameron
10%
Joyce
8%
Kissinger
6%
Schumacher
6%
Aquinas
5%
Sharapova
5%
Cook
4%
Howard Taft
4%
Watt
4%
Paul II
3%
Wagner
3%
Faraday
2%
Mugabe
2%
Paul Rubens
2%
Cézanne
1%
Haydn
1%
Saramago
1%
Feynman
0%
Fourier
0%
Goeppert Mayer
0%
Hilbert
0%
Koch
0%
Luis R. Zapatero
0%
Manuel Santos
0%
Montessori
0%
Mujica
0%
Pushkin
0%
Ramón Jiménez
0%
No matching quizzes found
Score Distribution
Percent of People with Each Score
Percentile by Number Answered
Your Score History
You have not taken this quiz